Obchodní jednání a národní zvyklosti: Dánsko
Obchodné rokovania. Firemná prezentácia. Komunikácia, vzťahy medzi ľuďmi, etiketa. Obliekanie, pohostinnosť. Štýl riadenia. Regionálne rozdiely.
Salvato in:
| Autore principale: | |
|---|---|
| Natura: | Capitolo di libro |
| Lingua: | ceco |
| Soggetti: | |
| Tags: |
Nessun Tag, puoi essere il primo ad aggiungerne!!
|
MARC
| LEADER | 00000naa a2200000 4500 | ||
|---|---|---|---|
| 001 | r048625 | ||
| 005 | 20230908091435.0 | ||
| 041 | 0 | |a cze | |
| 044 | |a CZ | ||
| 245 | 1 | 0 | |a Obchodní jednání a národní zvyklosti: Dánsko |c Ivan Jukl |
| 520 | |a Obchodné rokovania. Firemná prezentácia. Komunikácia, vzťahy medzi ľuďmi, etiketa. Obliekanie, pohostinnosť. Štýl riadenia. Regionálne rozdiely. | ||
| 610 | 2 | 0 | |a rokovania obchodné |
| 610 | 2 | 0 | |a partneri obchodní |
| 610 | 2 | 0 | |a zvyklosti obchodné |
| 610 | 2 | 0 | |a komunikácia |
| 610 | 2 | 0 | |a Dánsko |
| 100 | 1 | |a Jukl, Ivan | |